Reed's Machine Drawing for Marine Engineers (Record no. 4375)

000 -LEADER
fixed length control field 00400nam a22001457a 4500
008 - FIXED-LENGTH DATA ELEMENTS--GENERAL INFORMATION
fixed length control field 200803b ||||| |||| 00| 0 eng d
082 00 - DEWEY DECIMAL CLASSIFICATION NUMBER
Classification number 604.262
Item number D134
100 ## - MAIN ENTRY--PERSONAL NAME
9 (RLIN) 92
Personal name Daish, Herbert H. R.
245 10 - TITLE STATEMENT
Title Reed's Machine Drawing for Marine Engineers
260 ## - PUBLICATION, DISTRIBUTION, ETC. (IMPRINT)
Place of publication, distribution, etc London
Name of publisher, distributor, etc MacGraw-hill
Date of publication, distribution, etc 1950
300 ## - PHYSICAL DESCRIPTION
Extent 150 p.
365 ## - TRADE PRICE
Unit of pricing 9.06
650 #0 - SUBJECT ADDED ENTRY--TOPICAL TERM
Topical term or geographic name as entry element Machine Drawing
942 ## - ADDED ENTRY ELEMENTS (KOHA)
Item type Books
Holdings
Withdrawn status Lost status Source of classification or shelving scheme Damaged status Not for loan Permanent location Current location Date acquired Source of acquisition Full call number Barcode Date last seen Koha item type
  Lost       IMU Kolkata IMU Kolkata 1954-09-27 E. W. Steves & Co 604.262 D134 02189 2020-08-03 Books
Designed and Maintained by IMU-KC Library, Kolkata Campus © Copyright All Rights Reserved

webs counters

Powered by Koha